Statistiques concernant Pays qui battent le Royaume-Uni

Cliquez ici pour prendre le quiz!

Statistiques générales

  • Ce quiz a été pris 11 395 fois
    (11 379 depuis la dernière actualisation)
  • Le résultat moyen est 13 sur 20

Statistiques - réponses

RangsCatégoriePays% Correct
4Plus peuplé d'EuropeRussie | Allemagne | France
100%
6Plus deviné au quiz "Pays du monde"
en anglais
Etats-Unis | Canada | Russie | Mexique | Chine
98%
2Plus de locuteurs anglais natifsEtats-Unis
81%
5Plus grande "Zone Economique Exclusive" dans l'océanFrance | Etats-Unis | Australie | Russie
80%
4Nation insulaire la plus peupléeIndonésie | Japon | Philippines
79%
5Plus long règne monarchiqueFrance | Thaïlande | Autriche
74%
2Pourcentage de personnes ayant les
cheveux roux le plus important
Irlande
72%
3Commençant par "R" le plus peupléRépublique démocratique du Congo | Russie
72%
2Plus d'UEFA Champions League /
Coupes d'Europe remportées
Espagne
70%
2Plus grand nombre de personnes d'origine irlandaiseEtats-Unis
68%
3Plus de livres publiés par anChine | Etats-Unis
66%
3Plus visité par des citoyens étatsuniensCanada | Mexique
65%
2Plus haut immeuble en EuropeRussie
64%
8Plus de prix Nobel par habitantSainte-Lucie | Luxembourg | Suisse | Suède |
Islande | Norvège | Danemark | Autriche
61%
3Monarchie la plus peupléeJapon | Thailande
50%
4Plus haut pourcentage de la population sans religion
(sondage WIN/Gallup 2017)
Chine | Suède | République Tchèque
45%
2Plus vieille universitéItalie
45%
3Plus importante consommation de thé par habitantTurquie | Irlande
39%
5Premier à avoir une femme Premier ministreSri Lanka | Inde | Israël |
République Centrafricaine
18%
2Population anglicane la plus importante (BBC, 2008)Nigeria
14%

Distribution des résultats

Percentile par nombre de réponses

% des personnes avec chaque résultat

Votre développement - résultats

Vous n’avez pas pris ce quiz depuis la dernière actualisation